Introduction to logic / (Record no. 3752)

MARC details
000 -LEADER
fixed length control field 00520cam a2200181 a 4500
020 ## - INTERNATIONAL STANDARD BOOK NUMBER
ISBN 9780136141396
020 ## - INTERNATIONAL STANDARD BOOK NUMBER
ISBN 0136141390
050 00 - CALL NUMBER
Classification number BC108
Item number .C69 2009
100 1# - AUTHOR
Personal name Copi, Irving M.
245 10 - TITLE
Title Introduction to logic /
Statement of responsibility, etc Irving M. Copi, Carl Cohen.
250 ## - EDITION
Edition statement 13th ed.
260 ## - PUBLICATION INFORMATION
Place of publication Upper Saddle River, N.J. :
Name of publisher Pearson/Prentice Hall,
Year of publication c2009.
300 ## - DESCRIPTION
Number of Pages xvii, 670 p. :
Other physical details ill. ;
Dimensions 25 cm.
505 ## - FORMATTED CONTENTS NOTE
Table of Content Logic and Language<br/>Deduction<br/>Induction<br/>
650 #0 - SUBJECTS
Topical Term Logic
700 1# - OTHER AUTHORS
Personal name Cohen, Carl,
942 ## - ADDED ENTRY ELEMENTS (KOHA)
Koha item type Books
Holdings
Withdrawn status Lost status Home library Current library Shelving location Date acquired Full call number Accession Number Koha item type Collection code
    Methodist University Law Library Methodist University Law Library General Stacks 27/08/2018 BC108 .C69 2009 19146 Books Reference
    Methodist University Law Library Methodist University Law Library General Stacks 27/08/2018 BC108 .C69 2009 19151 Books  
    Methodist University Law Library Methodist University Law Library General Stacks 27/08/2018 BC108 .C69 2009 19149 Books  
    Methodist University Library Main Methodist University Library Main General Stacks 20/07/2018 BC108 .C69 2009 19152 Books  
    Methodist University Library Main Methodist University Library Main General Stacks 20/07/2018 BC108 .C69 2009 19147 Books  
    Methodist University Library Main Methodist University Library Main General Stacks 20/07/2018 BC108 .C69 2009 19145 Books Reference
    Methodist University Library Main Methodist University Library Main General Stacks 20/07/2018 BC108 .C69 2009 19148 Books  
    Methodist University Library Main Methodist University Library Main General Stacks 20/07/2018 BC108 .C69 2009 19150 Books  
Copyright © 2026  MUG Library